| 000 | 00505nam a2200217Ia 4500 | ||
|---|---|---|---|
| 008 | 150909s9999 xx 000 0 und d | ||
| 041 | _aEnglish | ||
| 082 | _a338.1 | ||
| 082 | _bSAR/EC | ||
| 100 | _aSargent M.J | ||
| 100 | _eAuthor | ||
| 245 | _aEconomic in horticulture | ||
| 260 | _aLondon | ||
| 260 | _bMacmillan | ||
| 260 | _c1973 | ||
| 300 | _a137 Pages | ||
| 365 | _aRs.45 | ||
| 650 | _aAgricultural economics | ||
| 650 | _aAgricultural marketing | ||
| 942 | _cBK | ||
| 999 |
_c250711 _d250711 |
||